00456nam a2200145 a 450000500170000000800410001702000180005805000170007624500190009326000320011230000090014444000280015399900190018195201100020020140412111238.0091205s19uu xx 00 eng d a0-439-44530-2 aERbG62 2002 aYankee Doodle. aU.S.A :bScholastic,c2002. aunp. aSing and Read Storybook c102553d102553 001040aELbELcERd2009-12-05eGiftg120.00l0oER G62 2002pE2024r2014-04-12 00:00:00w2014-04-12yBK